000 00486nam a2200157 4500
999 _c4938
_d4938
008 160930b xxu||||| |||| 00| 0 eng d
022 _a16565649
082 _aDPer 303.405 H22 May-Sept 2015 n. 6-10
100 _915549
_aWong, Marcus
245 _aWhat is rolling shutter?/
_cMarcus Wong.
260 _aQuezon City:
_bHardware Zone Phils. Corp.,
_c©2015.
300 _av11 i8, pages 86-87;
_c30 cm.
500 _aHWM Philippines.
650 0 _915550
_aCameras
942 _2ddc
_cPER